Learning language arts through literature : (Record no. 5796)

MARC details
000 -LEADER
fixed length control field 01053nam a22002417a 4500
001 - CONTROL NUMBER
control field 5796
003 - CONTROL NUMBER IDENTIFIER
control field FISKH
005 - DATE AND TIME OF LATEST TRANSACTION
control field 20250122160831.0
008 - FIXED-LENGTH DATA ELEMENTS--GENERAL INFORMATION
fixed length control field 250122b cb ||||| |||| 00| 0 eng d
020 ## - INTERNATIONAL STANDARD BOOK NUMBER
International Standard Book Number 9781880892817
040 ## - CATALOGING SOURCE
Original cataloging agency FISKH
Language of cataloging eng
Transcribing agency FISKH
Modifying agency FISKH
050 ## - LIBRARY OF CONGRESS CALL NUMBER
Classification number LB1575.587
082 ## - DEWEY DECIMAL CLASSIFICATION NUMBER
Classification number 372.4
100 ## - MAIN ENTRY--PERSONAL NAME
Personal name Strayer, Debbie
245 ## - TITLE STATEMENT
Title Learning language arts through literature :
Remainder of title The blue book /
Statement of responsibility, etc. By Debbie Strayer and Susan Simpson
260 ## - PUBLICATION, DISTRIBUTION, ETC.
Place of publication, distribution, etc. Melrose :
Name of publisher, distributor, etc. Common Sense Press ,
Date of publication, distribution, etc. 1998.
300 ## - PHYSICAL DESCRIPTION
Extent 194 pages :
Other physical details illustrations ;
Dimensions 28 cm .
520 ## - SUMMARY, ETC.
Summary, etc. Easy to use format - bigger, better, and more complete. Contains book studies, spelling word lists and instructions, reviews and assessments. Integrates all the language arts skills: Reading, spelling, grammar, higher-order reasoning skills and creative writing. Teacher notes are right in the margin. Based upon the teaching ideas of Dr. Ruth Beechick."
650 ## - SUBJECT ADDED ENTRY--TOPICAL TERM
Topical term or geographic name entry element language arts
Form subdivision non-fiction
700 ## - ADDED ENTRY--PERSONAL NAME
Personal name Simpson, Susan
Relator term author
942 ## - ADDED ENTRY ELEMENTS (KOHA)
Source of classification or shelving scheme Dewey Decimal Classification
Koha item type Books
Suppress in OPAC No
Holdings
Withdrawn status Lost status Source of classification or shelving scheme Damaged status Not for loan Collection Home library Current library Shelving location Date acquired Total Checkouts Full call number Barcode Date last seen Price effective from Koha item type
    Dewey Decimal Classification     Non-Fiction Footprints International School Library Network Toul Kork Campus Footprints International School Library Network Toul Kork Campus TTP Secondary Non-Fiction Bookshelves 01/22/2025   STR 372.4 LB1575.587 FISSE03219 01/22/2025 01/22/2025 Books